[Event "Wch U18 Girls"]
[Site "Porto Carras"]
[Date "2018.10.28"]
[Round "9.24"]
[White "Sevilla, Julia"]
[Black "Tonso, Liina"]
[Result "1-0"]
[WhiteElo "1947"]
[BlackElo "1805"]
[PlyCount "139"]
[EventDate "2018.10.20"]
[EventType "swiss"]
[EventRounds "11"]
[EventCountry "GRE"]
[SourceTitle "CBM 187 Extra"]
[Source "ChessBase"]
[SourceDate "2018.11.04"]
[SourceVersion "1"]
[SourceVersionDate "2018.11.04"]
[SourceQuality "1"]

1. d4 Nf6 2. c4 e5 3. dxe5 Ng4 4. Nf3 Nc6 5. e3 Ngxe5 6. Nxe5 Nxe5 7. Be2 d6 8. 0-0 Be7 9. Nc3 c6 10. b3 0-0 11. Bb2 f5 12. Qd2 a6 13. Rfd1 Rf6 14. Na4 b5 15. Bxe5 Re6 16. c5 Rxe5 17. Nb6 Ra7 18. cxd6 Qxb6 19. dxe7 Raxe7 20. Qd8+ Qxd8 21. Rxd8+ Re8 22. Rad1 Kf7 23. Bf3 Rc5 24. Kf1 Rc2 25. R1d2 Rc1+ 26. Ke2 b4 27. R8d6 Bb7 28. R6d4 a5 29. Rd7+ Re7 30. Rxe7+ Kxe7 31. Kd3 Ba6+ 32. Kd4 Ke6 33. e4 c5+ 34. Ke3 Rc3+ 35. Kf4 fxe4 36. Bxe4 c4 37. Bxh7 cxb3 38. axb3 Bb7 39. Bf5+ Kf6 40. Rd6+ Ke7 41. Rd7+ Kf6 42. Rxb7 Rxb3 43. Ra7 Ra3 44. h4 b3 45. g4 Ra4+ 46. Ke3 Ra2 47. Ra6+ Ke7 48. Re6+ Kf7 49. g5 b2 50. Rb6 Ke7 51. Bb1 Ra4 52. Rxb2 Rxh4 53. Ra2 a4 54. Bc2 Rh5 55. g6 Rh3+ 56. Ke2 a3 57. Bd3 Rh5 58. Rxa3 Re5+ 59. Kf3 Rc5 60. Ra7+ Kf8 61. Rf7+ Kg8 62. Bf5 Re5 63. Kg4 Re1 64. f4 Rg1+ 65. Kf3 Re1 66. Bd7 Ra1 67. f5 Ra8 68. Be6 Kh8 69. Rc7 Rf8 70. Rc4 1-0

[Event "Wch U18 Girls"]
[Site "Porto Carras"]
[Date "2018.10.24"]
[Round "6"]
[White "Booysen, Elda"]
[Black "Sevilla, Julia"]
[Result "0-1"]
[WhiteElo "1452"]
[BlackElo "1947"]
[PlyCount "64"]
[EventDate "2018.10.20"]
[EventType "swiss"]
[EventRounds "11"]
[EventCountry "GRE"]
[SourceTitle "CBM 187 Extra"]
[Source "ChessBase"]
[SourceDate "2018.11.04"]
[SourceVersion "1"]
[SourceVersionDate "2018.11.04"]
[SourceQuality "1"]

1. e4 c5 2. Nf3 d6 3. d4 cxd4 4. Nxd4 Nf6 5. Bb5+ Nbd7 6. 0-0 a6 7. Bd3 e6 8. c3 Be7 9. Bc2 0-0 10. Be3 Qc7 11. Nd2 b6 12. f3 Bb7 13. Bf2 Rfd8 14. Qe2 Rac8 15. Rac1 Ne5 16. Bg3 Ng6 17. f4 e5 18. Nf5 exf4 19. Bxf4 Nxf4 20. Rxf4 d5 21. e5 Bc5+ 22. Nd4 Ne4 23. N2f3 Re8 24. Kf1 f6 25. Bxe4 dxe4 26. Qc4+ Kh8 27. Ne6 Qe7 28. Nxc5 Rxc5 29. exf6 gxf6 30. Qd4 exf3 31. gxf3 Qe2+ 32. Kg1 Rg5+ 0-1

[Event "Las Vegas National op (Women)"]
[Site "Las Vegas"]
[Date "2018.06.21"]
[Round "4"]
[White "Saikhanchimeg, Tsogtsaikhan"]
[Black "Sevilla, Julia"]
[Result "1-0"]
[WhiteElo "2037"]
[BlackElo "1867"]
[PlyCount "149"]
[EventDate "2018.06.20"]
[EventType "swiss"]
[EventRounds "5"]
[EventCountry "USA"]
[SourceTitle "EXT 2019"]
[Source "ChessBase"]
[SourceDate "2018.10.10"]
[SourceVersion "1"]
[SourceVersionDate "2018.10.10"]
[SourceQuality "1"]

1. e4 c5 2. Nf3 d6 3. d4 cxd4 4. Nxd4 Nf6 5. Nc3 a6 6. Bg5 e6 7. f4 Be7 8. Qf3 Qc7 9. 0-0-0 Nbd7 10. Bd3 h6 11. Bxf6 Bxf6 12. Be2 Nb6 13. g4 Bd7 14. h4 Nc4 15. Qd3 Rc8 16. Rh3 Qb6 17. b3 Na3 18. Rd2 h5 19. e5 dxe5 20. fxe5 Be7 21. Nf5 Rd8 22. Nxg7+ Kf8 23. Nxh5 Bb5 24. Qe3 Qxe3 25. Rxe3 Rxd2 26. Kxd2 Bxh4 27. Nxb5 Nxb5 28. Bxb5 axb5 29. Rc3 Bd8 30. Rc8 Ke7 31. Kd3 Kd7 32. Rc5 Rg8 33. Rxb5 Kc6 34. Rb4 Rg5 35. Rf4 Bc7 36. Rxf7 Bxe5 37. Ke4 Rxg4+ 38. Kxe5 Rg5+ 39. Kxe6 Rxh5 40. Rf4 Rh2 41. Rc4+ Kb5 42. Kd6 Rh7 43. Rc7 Rh6+ 44. Kd5 Kb6 45. Rc8 Rh4 46. Rc4 Rh5+ 47. Kd4 Rh2 48. Kc3 Ka5 49. Rc5+ Kb6 50. Kb4 Ka6 51. a4 Rh3 52. Rg5 Rh6 53. a5 Rc6 54. c4 Rf6 55. Rc5 Rf3 56. Rb5 Rh3 57. Rg5 Rh1 58. Rg8 Ka7 59. Kb5 Rh5+ 60. c5 Rh4 61. Rg7 Rh6 62. b4 Rf6 63. Rd7 Rh6 64. Rd6 Rh5 65. a6 bxa6+ 66. Rxa6+ Kb7 67. Rg6 Rh7 68. Ka5 Rc7 69. c6+ Kb8 70. Kb6 Rb7+ 71. Kc5 Rf7 72. b5 Rf8 73. Kb6 Rc8 74. c7+ Ka8 75. Rg4 1-0

[Event "Wch U16 Girls"]
[Site "Montevideo"]
[Date "2017.09.22"]
[Round "7"]
[White "Kaczmarska, Joanna"]
[Black "Sevilla, Julia"]
[Result "1-0"]
[WhiteElo "2066"]
[BlackElo "1736"]
[PlyCount "69"]
[EventDate "2017.09.17"]
[EventType "swiss"]
[EventRounds "11"]
[EventCountry "URU"]
[SourceTitle "CBM 180 Extra"]
[Source "ChessBase"]
[SourceDate "2017.10.06"]
[SourceVersion "1"]
[SourceVersionDate "2017.10.06"]
[SourceQuality "1"]

1. e4 c5 2. Nf3 d6 3. d4 cxd4 4. Nxd4 Nf6 5. Nc3 a6 6. g3 e6 7. Bg2 Be7 8. 0-0 0-0 9. h3 Qc7 10. Be3 Nc6 11. Qd2 Bd7 12. f4 Rac8 13. Nde2 b5 14. a3 Na5 15. b3 Bc6 16. g4 Ba8 17. g5 Nd7 18. f5 exf5 19. exf5 Bxg2 20. Kxg2 Rfe8 21. Kg1 Bd8 22. Rac1 Nc5 23. Rcd1 Qe7 24. Nd5 Qe5 25. f6 Ne4 26. Qd3 Nxg5 27. Bf4 Nxh3+ 28. Qxh3 Qxe2 29. Qg3 g6 30. Rfe1 Rxc2 31. Rxe2 Rcxe2 32. Qh4 h5 33. Qg5 Re1+ 34. Rxe1 Rxe1+ 35. Kf2 1-0

[Event "Conejo Valley op 2nd"]
[Site "Thousand Oaks"]
[Date "2017.07.30"]
[Round "4"]
[White "Sevilla, Julia"]
[Black "Salakhutdinov, Ildar"]
[Result "0-1"]
[WhiteElo "1651"]
[BlackElo "2137"]
[PlyCount "72"]
[EventDate "2017.07.29"]
[EventType "swiss"]
[EventRounds "5"]
[EventCountry "USA"]
[SourceTitle "EXT 2019"]
[Source "ChessBase"]
[SourceDate "2018.10.10"]
[SourceVersion "1"]
[SourceVersionDate "2018.10.10"]
[SourceQuality "1"]

1. d4 Nf6 2. c4 e6 3. g3 c5 4. d5 exd5 5. cxd5 d6 6. Bg2 g6 7. Nc3 Bg7 8. Nf3 0-0 9. 0-0 a6 10. a4 Re8 11. Nd2 Nbd7 12. Nc4 Ne5 13. Na3 Rb8 14. Bf4 Nh5 15. Bxe5 Bxe5 16. Nc4 Bg7 17. h3 f5 18. Qd2 b6 19. Rfe1 Rf8 20. e4 f4 21. g4 f3 22. Bf1 Nf4 23. Re3 Nxh3+ 24. Bxh3 Qh4 25. Bg2 Bxg4 26. Qe1 b5 27. axb5 axb5 28. Nd2 fxg2 29. Kxg2 Bd4 30. Nd1 Bxd1 31. Rxd1 Bxe3 32. fxe3 Qg4+ 33. Kh2 Rf7 34. Qg1 Qe2+ 35. Kh1 Rbf8 36. e5 Rf2 0-1

[Event "Wch U16 Girls"]
[Site "Khanty-Mansiysk"]
[Date "2016.10.02"]
[Round "10"]
[White "Campos Toledo, Andrea Celeste"]
[Black "Sevilla, Julia"]
[Result "1-0"]
[WhiteElo "1750"]
[BlackElo "1546"]
[PlyCount "59"]
[EventDate "2016.09.22"]
[EventType "swiss"]
[EventRounds "11"]
[EventCountry "RUS"]
[SourceTitle "EXT 2017"]
[Source "ChessBase"]
[SourceDate "2016.10.25"]
[SourceVersion "1"]
[SourceVersionDate "2016.10.25"]
[SourceQuality "1"]

1. e4 c5 2. c3 Nf6 3. e5 Nd5 4. d4 cxd4 5. cxd4 d6 6. Nf3 Nc6 7. Bc4 e6 8. 0-0 Be7 9. Qe2 0-0 10. Rd1 Qc7 11. Bd2 Bd7 12. Nc3 Nxc3 13. Bxc3 Na5 14. Bd3 Bc6 15. b4 Bxf3 16. Qxf3 Nc4 17. Rac1 d5 18. Qh3 g6 19. Bd2 Rfc8 20. Bxc4 dxc4 21. a4 Qd7 22. d5 Qxa4 23. dxe6 Qe8 24. Bc3 Bg5 25. exf7+ Qxf7 26. Rd7 Bxc1 27. Rxf7 Kxf7 28. Qd7+ Kg8 29. e6 Rc7 30. Qxc7 1-0

[Event "Wch U16 Girls"]
[Site "Khanty-Mansiysk"]
[Date "2016.09.25"]
[Round "4"]
[White "Krapivina, Galina"]
[Black "Sevilla, Julia"]
[Result "0-1"]
[WhiteElo "1834"]
[BlackElo "1546"]
[PlyCount "70"]
[EventDate "2016.09.22"]
[EventType "swiss"]
[EventRounds "11"]
[EventCountry "RUS"]
[SourceTitle "EXT 2017"]
[Source "ChessBase"]
[SourceDate "2016.10.25"]
[SourceVersion "1"]
[SourceVersionDate "2016.10.25"]
[SourceQuality "1"]

1. e4 c5 2. Nf3 d6 3. d4 cxd4 4. Nxd4 Nf6 5. Nc3 a6 6. f4 e6 7. Qf3 Be7 8. Be3 Qc7 9. 0-0-0 Nc6 10. h3 b5 11. e5 Bb7 12. exf6 Nxd4 13. Qf2 Nxc2 14. fxg7 Rg8 15. Qxc2 Rc8 16. Qxh7 Kd7 17. Kb1 b4 18. Na4 Rxg7 19. Bb5+ axb5 20. Qxg7 Qc2+ 21. Ka1 Qxa4 22. b3 Qa3 23. Bc1 Qa7 24. Qb2 Be4 25. Qg7 Bc2 26. Rd2 Bxb3 27. Kb1 Bd5 28. Re1 b3 29. a3 b4 30. Qb2 Ra8 31. axb4 Bh4 32. Ree2 Rc8 33. f5 Qa2+ 34. Qxa2 bxa2+ 35. Kb2 Rxc1 0-1

[Event "Wch U16 Girls"]
[Site "Khanty-Mansiysk"]
[Date "2016.09.24"]
[Round "3"]
[White "Sevilla, Julia"]
[Black "Priyanka, K."]
[Result "0-1"]
[WhiteElo "1546"]
[BlackElo "2205"]
[PlyCount "84"]
[EventDate "2016.09.22"]
[EventType "swiss"]
[EventRounds "11"]
[EventCountry "RUS"]
[SourceTitle "EXT 2017"]
[Source "ChessBase"]
[SourceDate "2016.10.25"]
[SourceVersion "1"]
[SourceVersionDate "2016.10.25"]
[SourceQuality "1"]

1. d4 Nf6 2. c4 g6 3. Nc3 Bg7 4. g3 d6 5. Bg2 0-0 6. Nf3 a6 7. 0-0 Nc6 8. e4 Bg4 9. Be3 e5 10. d5 Ne7 11. Qd2 Bxf3 12. Bxf3 Nd7 13. Bh6 f5 14. Bxg7 Kxg7 15. exf5 gxf5 16. Bg2 Ng6 17. Rae1 f4 18. Ne4 h6 19. Bh3 Nf6 20. Be6 Nxe4 21. Rxe4 Qg5 22. Qa5 b6 23. Qa4 Qe7 24. Qd7 Qxd7 25. Bxd7 Rad8 26. Be6 h5 27. Rc1 fxg3 28. hxg3 a5 29. Kg2 Rf6 30. Rh1 Rdf8 31. Re2 h4 32. a3 e4 33. Rg1 hxg3 34. fxg3 Ne5 35. Rc1 Nd3 36. Rcc2 Rf1 37. Kh3 Rh8+ 38. Kg4 Ne5+ 39. Kg5 Rh6 40. Rxe4 Rg6+ 41. Kh5 Rh1+ 42. Rh4 Nf3 0-1